| 000 | 00491nam a2200169Ia 4500 | ||
|---|---|---|---|
| 008 | 230718s9999 xx 000 0 und d | ||
| 020 | _a978814004861 | ||
| 041 | _aeng | ||
| 082 |
_a158 _bAGA |
||
| 100 |
_aAgarwal R. _9118039 |
||
| 245 |
_aWhat I Did Not Learn At IIT _bTransitioning From Campus To Work Place |
||
| 260 |
_c2013 _bRandom House India |
||
| 300 | _a194 | ||
| 365 |
_cRs. _b150.00 |
||
| 700 |
_aAgarwal R. _9118039 |
||
| 906 |
_dO:0366822-Jan-2014B:477019-Dec-2013 _cGENRL _b33 |
||
| 999 |
_c334890 _d334890 |
||